Detalles MARC
| 000 -LEADER |
| fixed length control field |
02629nam a2200577Ii 4500 |
| 001 - CONTROL NUMBER |
| control field |
DIGANT0418 |
| 003 - CONTROL NUMBER IDENTIFIER |
| control field |
NyNyDIG |
| 008 - FIXED-LENGTH DATA ELEMENTS--GENERAL INFORMATION |
| fixed length control field |
190313s2016 sp ob 000 0 spa d |
| 006 - FIXED-LENGTH DATA ELEMENTS--ADDITIONAL MATERIAL CHARACTERISTICS |
| fixed length control field |
m o d |
| 007 - PHYSICAL DESCRIPTION FIXED FIELD--GENERAL INFORMATION |
| fixed length control field |
cr ||||||||||| |
| 035 ## - SYSTEM CONTROL NUMBER |
| System control number |
(OCoLC)1089910949 |
| 040 ## - CATALOGING SOURCE |
| Original cataloging agency |
DGITA |
| Language of cataloging |
eng |
| Description conventions |
rda |
| -- |
pn |
| Transcribing agency |
DGITA |
| 020 ## - INTERNATIONAL STANDARD BOOK NUMBER |
| Canceled/invalid ISBN |
9788416421435 |
| 020 ## - INTERNATIONAL STANDARD BOOK NUMBER |
| Canceled/invalid ISBN |
8416421439 |
| 041 1# - LANGUAGE CODE |
| Language code of text/sound track or separate title |
grc |
| -- |
spa |
| Language code of original |
grc |
| 050 14 - LIBRARY OF CONGRESS CALL NUMBER |
| Classification number |
B305.G31 ebook |
| 082 14 - DEWEY DECIMAL CLASSIFICATION NUMBER |
| Classification number |
183.1 |
| 100 0# - MAIN ENTRY--PERSONAL NAME |
| Personal name |
Gorgias, |
| Titles and words associated with a name |
of Leontini, |
| Relator term |
author. |
| 242 10 - TRANSLATION OF TITLE BY CATALOGING AGENCY |
| Title |
On the non-existent, or, On nature. |
| Language code of translated title |
eng |
| 245 10 - TITLE STATEMENT |
| Title |
De lo que no es, o, De la naturaleza : |
| Remainder of title |
los testimonios / |
| Statement of responsibility, etc. |
Gorgias de Leontinos ; edición crítica, introducción, traducción y notas de Luis Andrés Bredlow. |
| 246 30 - VARYING FORM OF TITLE |
| Title proper/short title |
De la naturaleza |
| 246 1# - VARYING FORM OF TITLE |
| Display text |
Greek title from page 1: |
| Title proper/short title |
Peri tou mē ontos, ē, Peri physeōs |
| 250 ## - EDITION STATEMENT |
| Edition statement |
Edición bilingüe. |
| 264 #1 - PRODUCTION, PUBLICATION, DISTRIBUTION, MANUFACTURE, AND COPYRIGHT NOTICE |
| Place of production, publication, distribution, manufacture |
Barcelona : |
| Name of producer, publisher, distributor, manufacturer |
Anthropos Editorial, |
| Date of production, publication, distribution, manufacture, or copyright notice |
[2016] |
| 300 ## - PHYSICAL DESCRIPTION |
| Extent |
1 online resource. |
| 336 ## - CONTENT TYPE |
| Content type term |
text |
| Content type code |
txt |
| Source |
rdacontent |
| 337 ## - MEDIA TYPE |
| Media type term |
computer |
| Media type code |
c |
| Source |
rdamedia |
| 338 ## - CARRIER TYPE |
| Carrier type term |
online resource |
| Carrier type code |
cr |
| Source |
rdacarrier |
| 490 1# - SERIES STATEMENT |
| Series statement |
Textos y documentos : clásicos del pensamiento y de las ciencias ; |
| Volume/sequential designation |
26 |
| 504 ## - BIBLIOGRAPHY, ETC. NOTE |
| Bibliography, etc. note |
Includes bibliographical references. |
| 546 ## - LANGUAGE NOTE |
| Language note |
Reconstructed text of a lost work by Gorgias from various original Greek sources, with parallel Spanish translation. |
| 588 0# - SOURCE OF DESCRIPTION NOTE |
| Source of description note |
Online resource; title from PDF title page (Digitalia, viewed March 15, 2019) |
| 600 00 - SUBJECT ADDED ENTRY--PERSONAL NAME |
| Personal name |
Gorgias, |
| Titles and other words associated with a name |
of Leontini. |
| Title of a work |
Fragments. |
| 600 00 - SUBJECT ADDED ENTRY--PERSONAL NAME |
| Personal name |
Gorgias, |
| Titles and other words associated with a name |
of Leontini |
| General subdivision |
Criticism, Textual. |
| 600 00 - SUBJECT ADDED ENTRY--PERSONAL NAME |
| Personal name |
Gorgias, |
| Titles and other words associated with a name |
of Leontini |
| General subdivision |
Authorship. |
| 650 #0 - SUBJECT ADDED ENTRY--TOPICAL TERM |
| Topical term or geographic name entry element |
Ontology |
| Form subdivision |
Early works to 1800. |
| 650 #0 - SUBJECT ADDED ENTRY--TOPICAL TERM |
| Topical term or geographic name entry element |
Nature |
| Form subdivision |
Early works to 1800. |
| 650 #0 - SUBJECT ADDED ENTRY--TOPICAL TERM |
| Topical term or geographic name entry element |
Philosophy, Ancient |
| General subdivision |
Sources. |
| 650 #0 - SUBJECT ADDED ENTRY--TOPICAL TERM |
| Topical term or geographic name entry element |
Philosophy, Ancient |
| Form subdivision |
Sources |
| -- |
Translations into Spanish. |
| 655 #0 - INDEX TERM--GENRE/FORM |
| Genre/form data or focus term |
Electronic books. |
| 700 1# - ADDED ENTRY--PERSONAL NAME |
| Personal name |
Bredlow, Luis Andrés, |
| Relator term |
editor, |
| -- |
translator, |
| -- |
contributor agent of text. |
| 700 02 - ADDED ENTRY--PERSONAL NAME |
| Relationship information |
Container of (work): |
| Personal name |
Gorgias, |
| Titles and other words associated with a name |
of Leontini. |
| Title of a work |
Fragments. |
| 700 02 - ADDED ENTRY--PERSONAL NAME |
| Relationship information |
Container of (expression): |
| Personal name |
Gorgias, |
| Titles and other words associated with a name |
of Leontini. |
| Title of a work |
Fragments. |
| Language of a work |
Spanish. |
| 791 2# - |
| -- |
Digitalia (Firm), |
| -- |
distributor. |
| 793 0# - |
| -- |
Digitalia eBook Collection: |
| -- |
Anthropos |
| 776 08 - ADDITIONAL PHYSICAL FORM ENTRY |
| Relationship information |
Print version: |
| Main entry heading |
Gorgias, of Leontini. |
| Title |
De lo que no es, o, De la naturaleza. |
| Edition |
Edición bilingüe, primera edición. |
| Place, publisher, and date of publication |
Barcelona : Anthropos Editorial, 2016 |
| International Standard Book Number |
9788416421435 |
| Record control number |
(OCoLC)976027899 |
| 830 #0 - SERIES ADDED ENTRY--UNIFORM TITLE |
| Uniform title |
Textos y documentos (Anthropos, Editorial del Hombre) ; |
| Volume/sequential designation |
26. |
| 856 40 - ELECTRONIC LOCATION AND ACCESS |
| Materials specified |
Digitalia Hispánica |
| Uniform Resource Identifier |
<a href="https://www.digitaliapublishing.com/a/47719/">https://www.digitaliapublishing.com/a/47719/</a> |
| 910 ## - USER-OPTION DATA (OCLC) |
| User-option data |
Premium collection: 2019 |
| 942 ## - ADDED ENTRY ELEMENTS (KOHA) |
| Koha item type |
Recurso Electrónico |